000 00513pab a2200181 454500
008 180718b2004 xxu||||| |||| 00| 0 eng d
100 _aSingh, Nirvikar
245 _aForeign capital, inflation, sterilisation, crowding out and growth:some illustrative models
260 _c2004
300 _ap.2469-482.
362 _a12 Jun
650 _aInflation
650 _aEconomic growth
650 _aForeign investment
700 _aSrinivasan, T.N.
773 _aEconomic and Political Weekly
909 _a61160
999 _c61160
_d61160